Semi ecc Agricolture, territorio, risorse
Đã lưu trong:
| 主要作者: | |
|---|---|
| 格式: | 图书 |
| 语言: | Undetermined |
| 出版: |
Roma, Italia
USPI
2001
|
| 主题: | |
| 标签: |
添加标签
没有标签, 成为第一个标记此记录!
|
| Thư viện lưu trữ: | Trung tâm Học liệu Trường Đại học Cần Thơ |
|---|
| LEADER | 00494nam a2200181Ia 4500 | ||
|---|---|---|---|
| 001 | CTU_47952 | ||
| 008 | 210402s9999 xx 000 0 und d | ||
| 082 | |a 338.17 | ||
| 082 | |b S471 | ||
| 100 | |a Semi ecc : Agricolture, territorio, risorse | ||
| 245 | 0 | |a Semi ecc | |
| 245 | 0 | |b Agricolture, territorio, risorse | |
| 260 | |a Roma, Italia | ||
| 260 | |b USPI | ||
| 260 | |c 2001 | ||
| 650 | |a agriculture | ||
| 650 | |x economic aspects | ||
| 980 | |a Trung tâm Học liệu Trường Đại học Cần Thơ | ||